[Event "Steyr Landesliga 2122"]
[Site "Austria"]
[Date "2021.10.16"]
[Round "1.6"]
[White "Taucher, Daniel"]
[Black "Suppan, Harald"]
[Result "1/2-1/2"]
[WhiteElo "1852"]
[BlackElo "2057"]
[PlyCount "46"]
[EventDate "2021.10.16"]
[EventType "team-tourn"]
[EventRounds "11"]
[EventCountry "AUT"]
[SourceTitle "EXT 2023"]
[Source "ChessBase"]
[SourceDate "2022.10.05"]
[SourceVersion "1"]
[SourceVersionDate "2022.10.05"]
[SourceQuality "1"]
[WhiteTeam "Baernbach"]
[BlackTeam "Graz Schachfreunde"]
[WhiteTeamCountry "AUT"]
[BlackTeamCountry "AUT"]

1. e4 d5 2. exd5 Nf6 3. Nc3 Nxd5 4. Nxd5 Qxd5 5. Qf3 c6 6. Qxd5 cxd5 7. d4 Bf5 8. c3 e6 9. Nf3 Bd6 10. Nh4 Bg4 11. h3 Bh5 12. g4 Bg6 13. Nxg6 hxg6 14. Be3 Nd7 15. f4 Nf6 16. Bg2 b5 17. a4 b4 18. c4 a5 19. c5 Bc7 20. b3 Kd7 21. Ke2 Kc6 22. Kd3 Rae8 23. Rae1 Rh7 1/2-1/2

[Event "Steyr Landesliga 1617"]
[Site "Austria"]
[Date "2017.03.18"]
[Round "8.6"]
[White "Suppan, Harald"]
[Black "Schieder, Josef"]
[Result "1/2-1/2"]
[WhiteElo "2067"]
[BlackElo "2010"]
[PlyCount "197"]
[EventDate "2016.10.01"]
[EventType "team-tourn"]
[EventRounds "11"]
[EventCountry "AUT"]
[SourceTitle "EXT 2018"]
[Source "ChessBase"]
[SourceDate "2017.10.13"]
[SourceVersion "1"]
[SourceVersionDate "2017.10.13"]
[SourceQuality "1"]
[WhiteTeam "Schachfreunde"]
[BlackTeam "Pinggau Friedberg"]
[WhiteTeamCountry "AUT"]
[BlackTeamCountry "AUT"]

1. d4 d5 2. Nf3 Nf6 3. Bf4 Bf5 4. e3 e6 5. Bd3 Bg6 6. Qe2 Bd6 7. Bg5 Nbd7 8. Nbd2 c6 9. 0-0 Qc7 10. e4 dxe4 11. Nxe4 Nxe4 12. Bxe4 Nf6 13. Bxf6 gxf6 14. c4 0-0 15. Rac1 f5 16. Bb1 Bh5 17. Rc3 Bxh2+ 18. Kh1 Bd6 19. c5 Be7 20. Qd2 Bf6 21. Qh6 Bg6 22. Rg1 Bg7 23. Qh4 Qd8 24. Qf4 Qf6 25. Rb3 Qe7 26. Re1 Bf6 27. g4 fxg4 28. Qxg4 Rad8 29. Rg1 Rd7 30. Ne5 Bxe5 31. dxe5 Rd5 32. Qh5 Kh8 33. Bxg6 fxg6 34. Rxg6 Rf5 35. Qh3 Rdxe5 36. Rbg3 Qf7 37. Rg8+ Qxg8 38. Rxg8+ Kxg8 39. Kg2 Rxc5 40. Qb3 Rg5+ 41. Kf1 Rgd5 42. Qxb7 Rc1+ 43. Ke2 Rc2+ 44. Ke3 Re5+ 45. Kd3 Ree2 46. a4 Rxb2 47. Qa8+ Kf7 48. Qxa7+ Kg6 49. f3 Rbd2+ 50. Kc3 Rd5 51. Qg1+ Kf7 52. Qa7+ Kg6 53. Qg1+ Kf6 54. Qg4 h5 55. Qf4+ Rf5 56. Qd4+ Ke7 57. Qh4+ Kf7 58. Kd3 Ree5 59. Qg3 Rd5+ 60. Ke3 Rde5+ 61. Kd4 Ra5 62. Qc7+ Kf6 63. Qd8+ Kg7 64. Qd7+ Kf6 65. Qd8+ Kg6 66. Qe8+ Kf6 67. Qd8+ Kg7 68. Qd7+ Rf7 69. Qxc6 Rxa4+ 70. Ke5 Ra3 71. f4 Re3+ 72. Kd4 Re2 73. Kd3 Rf2 74. Qxe6 R2xf4 75. Ke3 R4f5 76. Ke4 R5f6 77. Qe5 Kh6 78. Ke3 h4 79. Qd4 Rf3+ 80. Ke2 Kg5 81. Qe5+ Kg4 82. Qe4+ R7f4 83. Qg6+ Kh3 84. Qg1 Rg3 85. Qh1+ Kg4 86. Qc6 Rgf3 87. Qg6+ Kh3 88. Qg1 Rg3 89. Qh1+ Kg4 90. Qc6 Rf5 91. Qg6+ Rg5 92. Qe6+ Kh5 93. Qf7+ Rg6 94. Qf5+ R3g5 95. Qf3+ Rg4 96. Qf5+ Kh6 97. Qf8+ Kh7 98. Qf7+ Rg7 99. Qh5+ 1/2-1/2

[Event "Steyr Landesliga 1516"]
[Site "Austria"]
[Date "2016.04.23"]
[Round "11.7"]
[White "Handler, Franz"]
[Black "Suppan, Harald"]
[Result "0-1"]
[WhiteElo "1833"]
[BlackElo "2071"]
[PlyCount "102"]
[EventDate "2015.09.26"]
[EventType "team-tourn"]
[EventRounds "11"]
[EventCountry "AUT"]
[SourceTitle "EXT 2017"]
[Source "ChessBase"]
[SourceDate "2016.10.25"]
[SourceVersion "1"]
[SourceVersionDate "2016.10.25"]
[SourceQuality "1"]
[WhiteTeam "Fuerstenfeld/Hartberg"]
[BlackTeam "Graz Schachfreunde"]
[WhiteTeamCountry "AUT"]
[BlackTeamCountry "AUT"]

1. d4 d6 2. c4 g6 3. Nc3 Bg7 4. e4 Nd7 5. Nf3 e5 6. dxe5 Nxe5 7. Nxe5 Bxe5 8. Qc2 f5 9. Bd2 fxe4 10. Nxe4 Bf5 11. Bd3 Qd7 12. 0-0-0 0-0-0 13. Bc3 Bxc3 14. Qxc3 Ne7 15. Rhe1 Nc6 16. Bc2 Qf7 17. f3 Ne5 18. b3 Bd7 19. Kb1 Bc6 20. c5 Bxe4 21. Bxe4 d5 22. Qxe5 dxe4 23. Rxd8+ Rxd8 24. Qxe4 Qg7 25. Qe6+ Kb8 26. Qe5 Qd7 27. Qc3 a6 28. Qc2 Qc6 29. f4 Rd5 30. Rc1 Rd4 31. g3 Qd5 32. c6 Rd2 33. Qc3 Qe4+ 34. Rc2 Rxh2 35. cxb7 Rxc2 36. Qxc2 Qe1+ 37. Kb2 Qxg3 38. Qe4 Qf2+ 39. Ka3 Qc5+ 40. b4 Qf5 41. Qc6 Qd3+ 42. Kb2 h5 43. a4 Qd6 44. Qe4 Qb6 45. Ka3 h4 46. f5 gxf5 47. Qxf5 Qxb7 48. b5 a5 49. Qg4 Qh1 50. b6 Qa1+ 51. Kb3 Qb1+ 0-1

[Event "Steyr Landesliga 1516"]
[Site "Austria"]
[Date "2016.02.06"]
[Round "7.7"]
[White "Wurm, Christoph"]
[Black "Suppan, Harald"]
[Result "1-0"]
[WhiteElo "2077"]
[BlackElo "2071"]
[PlyCount "63"]
[EventDate "2015.09.26"]
[EventType "team-tourn"]
[EventRounds "11"]
[EventCountry "AUT"]
[SourceTitle "EXT 2017"]
[Source "ChessBase"]
[SourceDate "2016.10.25"]
[SourceVersion "1"]
[SourceVersionDate "2016.10.25"]
[SourceQuality "1"]
[WhiteTeam "Leoben"]
[BlackTeam "Graz Schachfreunde"]
[WhiteTeamCountry "AUT"]
[BlackTeamCountry "AUT"]

1. e4 c6 2. f4 e5 3. d3 exf4 4. Bxf4 Qb6 5. Qc1 Bc5 6. Nf3 d5 7. Nc3 Ne7 8. Be2 0-0 9. Bd2 Qc7 10. Bf4 Qd8 11. Qd2 Bb4 12. a3 Qa5 13. 0-0 Bxc3 14. bxc3 dxe4 15. dxe4 Rd8 16. Bd3 Ng6 17. Bg5 f6 18. Be3 Be6 19. Nd4 Bf7 20. Nf5 c5 21. Qf2 Nd7 22. c4 Nde5 23. Bxc5 Nxd3 24. cxd3 Rxd3 25. Nxg7 Rd2 26. Qxf6 Qxc5+ 27. Kh1 Rf8 28. Nf5 Qxf5 29. Rxf5 Bd5 30. Qg5 Rxg2 31. Qxg2 Rxf5 32. cxd5 1-0

[Event "AUT-chT2M 1415"]
[Site "Austria"]
[Date "2015.04.18"]
[Round "10.4"]
[White "Kleibel, Uwe"]
[Black "Suppan, Harald"]
[Result "1-0"]
[WhiteElo "2163"]
[BlackElo "2041"]
[PlyCount "83"]
[EventDate "2014.10.03"]
[EventType "team-tourn"]
[EventRounds "11"]
[EventCountry "AUT"]
[SourceTitle "EXT 2016"]
[Source "ChessBase"]
[SourceDate "2015.10.08"]
[SourceVersion "1"]
[SourceVersionDate "2015.10.08"]
[SourceQuality "1"]
[WhiteTeam "Hartkirchen"]
[BlackTeam "Graz Schachfreunde"]
[WhiteTeamCountry "AUT"]
[BlackTeamCountry "AUT"]

1. e4 d5 2. exd5 Nf6 3. d4 Nxd5 4. c4 Nb6 5. Nc3 g6 6. Be3 Bg7 7. h3 0-0 8. Nf3 Nc6 9. Rc1 Re8 10. Be2 e5 11. d5 Ne7 12. 0-0 Nf5 13. Bg5 f6 14. Bd2 e4 15. Ne1 c6 16. dxc6 bxc6 17. Nc2 Qc7 18. Ne3 Nd4 19. c5 Nd7 20. Bc4+ Kh8 21. Nc2 Nxc2 22. Qxc2 f5 23. b4 Ne5 24. Be2 Be6 25. Rfd1 Rad8 26. Bg5 Rxd1+ 27. Rxd1 h6 28. Bc1 Rb8 29. a3 Kh7 30. Rd6 Bc4 31. Bf4 Bxe2 32. Nxe2 a5 33. Qd1 Qe7 34. bxa5 Nd3 35. Rxc6 Ra8 36. a6 Be5 37. Bxe5 Qxe5 38. Qb1 Rg8 39. a7 Nxc5 40. Rxc5 Qxc5 41. a8Q Rxa8 42. Qb7+ 1-0

[Event "Steyr Landesliga 1314"]
[Site "Austria"]
[Date "2014.04.12"]
[Round "11.6"]
[White "Suppan, Harald"]
[Black "Nuster, Erwin"]
[Result "1-0"]
[WhiteElo "2008"]
[BlackElo "2164"]
[PlyCount "63"]
[EventDate "2013.09.28"]
[EventType "team-tourn"]
[EventRounds "11"]
[EventCountry "AUT"]
[SourceTitle "EXT 2015"]
[Source "ChessBase"]
[SourceDate "2014.11.20"]
[SourceVersion "1"]
[SourceVersionDate "2014.11.20"]
[SourceQuality "1"]
[WhiteTeam "Graz Schachfreunde"]
[BlackTeam "Feldbach Kirchberg"]
[WhiteTeamCountry "AUT"]
[BlackTeamCountry "AUT"]

1. d4 Nf6 2. Bg5 Ne4 3. Bh4 c5 4. f3 g5 5. fxe4 gxh4 6. e3 Bh6 7. Qe2 cxd4 8. exd4 Qa5+ 9. c3 Nc6 10. Nd2 Qg5 11. Ngf3 Qh5 12. e5 d6 13. exd6 Bxd2+ 14. Qxd2 Bg4 15. dxe7 Nxe7 16. Ne5 0-0-0 17. h3 Be6 18. Be2 Qf5 19. 0-0-0 Qf6 20. Rhf1 Qg7 21. Qf4 Nd5 22. Qd2 Qxg2 23. Nxf7 Qxh3 24. Nxd8 Rxd8 25. Rh1 Qg3 26. Rdg1 Qd6 27. Rxh4 Bf5 28. Bg4 Qd7 29. Qg5 Bxg4 30. Qxg4 Nf6 31. Qxd7+ Rxd7 32. Rh6 1-0

[Event "Steyr Landesliga 1314"]
[Site "Austria"]
[Date "2014.03.01"]
[Round "8.6"]
[White "Kainz, Josef"]
[Black "Suppan, Harald"]
[Result "0-1"]
[WhiteElo "1969"]
[BlackElo "2008"]
[PlyCount "68"]
[EventDate "2013.09.28"]
[EventType "team-tourn"]
[EventRounds "11"]
[EventCountry "AUT"]
[SourceTitle "EXT 2015"]
[Source "ChessBase"]
[SourceDate "2014.11.20"]
[SourceVersion "1"]
[SourceVersionDate "2014.11.20"]
[SourceQuality "1"]
[WhiteTeam "Graz Austria"]
[BlackTeam "Graz Schachfreunde"]
[WhiteTeamCountry "AUT"]
[BlackTeamCountry "AUT"]

1. d4 d5 2. Nf3 c6 3. c4 Nf6 4. Nc3 Nbd7 5. e3 e6 6. Bd3 Bd6 7. 0-0 e5 8. cxd5 cxd5 9. Nb5 Bb8 10. dxe5 Nxe5 11. Nxe5 Bxe5 12. f4 Bb8 13. Bd2 0-0 14. Qc2 Re8 15. Rac1 Bd7 16. Rfe1 a6 17. Nd4 Qb6 18. Qb3 Ba7 19. Qa3 Ng4 20. Nc2 Qh6 21. h3 Nf6 22. Bf1 Qxf4 23. Qb4 Ne4 24. Re2 Qg5 25. Nd4 Bxh3 26. Nf3 Qg6 27. Qxb7 Nxd2 28. Nxd2 Bg4 29. Rc6 Qh5 30. Nf3 Bxf3 31. gxf3 Qxf3 32. Rb6 Bxb6 33. Qxb6 Re6 34. Qd4 Rae8 0-1

[Event "Steyr Landesliga 1112"]
[Site "Austria"]
[Date "2012.05.05"]
[Round "11.8"]
[White "Suppan, Harald"]
[Black "Missethan, Michael"]
[Result "1-0"]
[WhiteElo "2006"]
[BlackElo "1855"]
[PlyCount "61"]
[EventDate "2011.09.24"]
[EventType "team-tourn"]
[EventRounds "11"]
[EventCountry "AUT"]
[SourceTitle "EXT 2015"]
[Source "ChessBase"]
[SourceDate "2014.11.20"]
[SourceVersion "1"]
[SourceVersionDate "2014.11.20"]
[SourceQuality "1"]
[WhiteTeam "Graz Schachfreunde"]
[BlackTeam "Gleisdorf"]
[WhiteTeamCountry "AUT"]
[BlackTeamCountry "AUT"]

1. d4 d5 2. Nf3 Nf6 3. Bg5 e6 4. e3 Be7 5. Bd3 0-0 6. Nbd2 Nbd7 7. c3 c5 8. Ne5 Nxe5 9. dxe5 Nd7 10. Bxe7 Qxe7 11. f4 Rd8 12. Nf3 b6 13. 0-0 Bb7 14. Ng5 Nf8 15. Qh5 g6 16. Qh6 f6 17. exf6 Qxf6 18. f5 exf5 19. Rxf5 Qg7 20. Qxg7+ Kxg7 21. Rf7+ Kh6 22. h4 Rd7 23. Raf1 Rxf7 24. Rxf7 Bc6 25. g4 Bd7 26. Be2 Re8 27. Kf2 Be6 28. Nxe6 Nxe6 29. g5+ Nxg5 30. hxg5+ Kxg5 31. Rxh7 1-0

[Event "Graz op"]
[Site "Graz"]
[Date "2002.??.??"]
[Round "4"]
[White "Hoellrigl, Wilfried"]
[Black "Suppan, Harald"]
[Result "0-1"]
[WhiteElo "2203"]
[BlackElo "2043"]
[PlyCount "78"]
[EventDate "2002.??.??"]
[EventType "swiss"]
[EventRounds "9"]
[EventCountry "AUT"]
[SourceTitle "EXT 2003"]
[Source "ChessBase"]
[SourceDate "2002.11.25"]
[SourceVersion "1"]
[SourceVersionDate "2002.11.25"]
[SourceQuality "1"]

1. e4 c5 2. c3 Nc6 3. d4 cxd4 4. cxd4 d5 5. exd5 Qxd5 6. Nf3 Bg4 7. Be2 e6 8. 0-0 Nf6 9. h3 Bh5 10. Nc3 Qa5 11. Be3 Be7 12. Qb3 Qb4 13. Rfd1 Qxb3 14. axb3 Nd5 15. Nxd5 exd5 16. g4 Bg6 17. Ne5 f6 18. Nxg6 hxg6 19. Kg2 Bb4 20. Rdc1 Kd7 21. Rc2 Rh4 22. Bf3 Ne7 23. Bf4 Bd6 24. Bg3 Rh7 25. Rac1 Rah8 26. h4 f5 27. gxf5 gxf5 28. h5 g5 29. hxg6 Rg7 30. Rc7+ Bxc7 31. Rxc7+ Ke6 32. Be5 Rxg6+ 33. Kf1 Rh3 34. Ke2 Nc6 35. Rxb7 Nxe5 36. dxe5 Kxe5 37. Rxa7 Re6 38. Ke3 f4+ 39. Ke2 Kd4+ 0-1

[Event "Graz op"]
[Site "Graz"]
[Date "2002.??.??"]
[Round "2"]
[White "Rohler, Siegfried"]
[Black "Suppan, Harald"]
[Result "1-0"]
[WhiteElo "2253"]
[BlackElo "2043"]
[PlyCount "62"]
[EventDate "2002.??.??"]
[EventType "swiss"]
[EventRounds "9"]
[EventCountry "AUT"]
[SourceTitle "EXT 2003"]
[Source "ChessBase"]
[SourceDate "2002.11.25"]
[SourceVersion "1"]
[SourceVersionDate "2002.11.25"]
[SourceQuality "1"]

1. e4 c5 2. c3 g6 3. d4 Bg7 4. Bc4 cxd4 5. cxd4 Nc6 6. Ne2 Qb6 7. Be3 Qxb2 8. 0-0 Qb4 9. Qc1 b5 10. Bd5 Bb7 11. Bd2 Qd6 12. Nbc3 a6 13. Bf4 e5 14. dxe5 Bxe5 15. Rd1 Qf6 16. Bxe5 Qxe5 17. Bxf7+ Kxf7 18. Rxd7+ Nge7 19. Rxb7 Rhd8 20. Qf4+ Ke6 21. Qg4+ Kf7 22. Rc1 Qd6 23. Nd5 Kg8 24. Nef4 Re8 25. Qe6+ Qxe6 26. Nxe6 Nxd5 27. exd5 Ne5 28. Rg7+ Kh8 29. Rcc7 Rxe6 30. Rxh7+ Kg8 31. Rcg7+ Kf8 1-0